00555nam a2200121 a 450000500170000000800410001705000250005810000180008324500460010150000360014752002290018365000210041220140414093843.0090615s19uu xx 00 eng d aDVD 791.43bHOU 1993 aAugust, Bille aThe House of the spirits /cBille August. aRunning time: 140 mins. approx. aSpanning 3 generations of the Trueba family, this sweeping and brooding melodrama brings together historical events, romance, humour, fantasy, class conflicts, political realism and revenge in twetieth century South America. aMotion pictures.